[Event "DSOL 08 Liga Gr-A 1st"]
[Site "Playchess.com INT"]
[Date "2020.08.07"]
[Round "7.4"]
[White "Von la Chevallerie, Johann"]
[Black "Sperling, Mika"]
[Result "1-0"]
[WhiteElo "1007"]
[BlackElo "1000"]
[PlyCount "79"]
[EventDate "2020.06.22"]
[EventType "team-tourn (rapid)"]
[EventCountry "GER"]
[SourceTitle "EXT 2021"]
[Source "ChessBase"]
[SourceDate "2020.10.23"]
[SourceVersion "1"]
[SourceVersionDate "2020.10.23"]
[SourceQuality "1"]
[WhiteTeam "Kreuzberg III"]
[BlackTeam "Zell Schwarz Weiss II"]
[WhiteTeamCountry "GER"]
[BlackTeamCountry "GER"]

1. d4 d5 2. c4 Nf6 3. Nf3 Bf5 4. Nc3 e6 5. a3 Nc6 6. e3 h6 7. Bd3 g6 8. c5 Qd7 9. b4 0-0-0 10. b5 Ne7 11. a4 c6 12. 0-0 g5 13. Ne5 Qe8 14. a5 Rd7 15. Nxd7 Nxd7 16. bxc6 bxc6 17. e4 dxe4 18. Bxe4 e5 19. Bxf5 Nxf5 20. dxe5 Qxe5 21. Bb2 Nxc5 22. Re1 Qf4 23. Re8+ Kb7 24. Rb1 Bd6 25. Bc1+ Kc7 26. Bxf4 Rxe8 27. Bxd6+ Nxd6 28. h3 Nc4 29. Qh5 Ne5 30. Qxh6 Re6 31. Qxg5 f6 32. Qg7+ Kd6 33. Rd1+ Ned3 34. Na4 Nxa4 35. Rxd3+ Kc5 36. Qxa7+ Kc4 37. Qd4+ Kb5 38. Rb3+ Kxa5 39. Qb4+ Ka6 40. Qxa4# 1-0

[Event "DSOL 08 Liga Gr-A 1st"]
[Site "Playchess.com INT"]
[Date "2020.07.10"]
[Round "3.4"]
[White "Sperling, Mika"]
[Black "Kleine, Jelte"]
[Result "0-1"]
[WhiteElo "1000"]
[BlackElo "1050"]
[PlyCount "56"]
[EventDate "2020.06.22"]
[EventType "team-tourn (rapid)"]
[EventCountry "GER"]
[SourceTitle "EXT 2021"]
[Source "ChessBase"]
[SourceDate "2020.10.23"]
[SourceVersion "1"]
[SourceVersionDate "2020.10.23"]
[SourceQuality "1"]
[WhiteTeam "Zell Schwarz Weiss II"]
[BlackTeam "Paderborn Akademie II"]
[WhiteTeamCountry "GER"]
[BlackTeamCountry "GER"]

1. e4 e6 2. Nf3 d5 3. d3 dxe4 4. dxe4 Qxd1+ 5. Kxd1 Bd6 6. Bf4 Bxf4 7. Bc4 Nf6 8. e5 Ng4 9. Ke1 Nxe5 10. Ke2 Nxc4 11. Nd4 a6 12. Rd1 Bd7 13. g3 Be5 14. Nf3 Bxb2 15. c3 Bxa1 16. Rd4 Bb5 17. Ne1 Nc6 18. Nc2 Na3+ 19. Kd2 Nxb1+ 20. Kc1 Nxd4 21. Nxd4 Bd3 22. Nb3 Bxc3 23. Nc5 0-0 24. Nxd3 Rad8 25. Nc5 Na3 26. Nxb7 Rd2 27. Nc5 Rfd8 28. Na4 Rd1# 0-1